[Deti] 2008 [nástenný kalendár]

Bibliographic Details
Corporate Author: PhotoValley (Photographer)
Other Authors: Coppieters, Kris (Photographer)
Format: Conference Proceeding Photo
Language:Slovak
PhysicalDescription:1 kalendár ([8] l.) fareb. 33 x 33 cm
Published: Banská Bystrica Spektrum Grafik [2007]
Edition:[1. vyd.]
Subjects:

MARC

LEADER 00000nkm a2200000 a 4500
001 vtls009190664
003 SK-MaSNL
005 20260302005624.0
007 kf co
008 200701s2007 xo g kuslo
015 |a SNBG2010/03-02012 
040 |a SNK  |b slo  |c SNK  |e AACR2 
041 0 |a slo 
044 |a xo  |c SK 
080 |a 77.041-053.4/.5  |2 2001 
080 |a (059)  |2 2001 
111 2 |a PhotoValley  |4 pht  |9 647295 
245 1 0 |a [Deti] 2008  |h grafika  |b [nástenný kalendár]  |c photo: PhotoValley/Kris Coppieters 
250 |a [1. vyd.] 
260 |a Banská Bystrica  |b Spektrum Grafik  |c [2007] 
300 |a 1 kalendár ([8] l.)  |b fareb.  |c 33 x 33 cm 
500 |a Mesačný kalendár 
500 |a Obojstr. tlač 
500 |a V názve 2008 sú nuly nahradené srdiečkami 
650 0 7 |a deti  |2 SNKPH  |9 773 
650 0 7 |a umelecká fotografia  |2 SNKPH  |9 29370 
655 7 |a nástenné kalendáre  |2 SNKPH  |9 70664 
700 1 |a Coppieters, Kris  |4 pht  |9 406803 
958 |a GBN 
999 |c 1000149  |d 1002079 
952 |a SNK  |b SNK  |y PREZ  |7 0  |p 17A0583173  |o snkOSB 15019  |i snk2008/6046  |8 0  |0 0  |1 0  |4 0  |d 2008-03-11  |l 0  |r 2026-02-24 12:17:01  |w 2026-02-24 
952 |a SNK  |b SNK  |y PREZ  |7 0  |p 17A0583172  |o snkOSB 15019 D1  |i snk2008/6047  |8 0  |0 0  |1 0  |4 0  |d 2008-03-11  |l 0  |r 2026-02-24 12:17:01  |w 2026-02-24